| 000 | 01097cam a2200361 a 4500 | ||
|---|---|---|---|
| 001 | 59187 | ||
| 003 | CO-BoRNBP | ||
| 005 | 20250918164901.0 | ||
| 007 | ta | ||
| 008 | 951015c1993 ve a jr 00011 spa d | ||
| 020 | _a9802571393 | ||
| 020 | _a9789802571390 | ||
| 040 |
_ala _cla |
||
| 041 | 1 |
_aspa _heng |
|
| 043 | _ae-uk-en | ||
| 082 | 0 | 4 |
_aI823.91 _bS43c _219 ed. |
| 084 | _aC SHE3 | ||
| 100 | 1 |
_aSheldon, Dyan. _952128 |
|
| 245 | 1 | 3 |
_aEl canto de las ballenas / _cDyan Sheldon ; ilustraciones de Gary Blythe ; traducción Nelson Rivera. |
| 250 | _aPrimera edición | ||
| 264 |
_aCaracas, Venezuela _bEdiciones Ekaré _c1993 |
||
| 300 |
_a[28] p. : _bil. ; _c24 x 29 cm. |
||
| 336 |
_2rdacontent _atexto _btxt |
||
| 337 |
_2rdamedia _asin mediación _bn |
||
| 338 |
_2rdacarrier _avolumen _bnc |
||
| 534 | _tThe whales' song. | ||
| 650 | 7 |
_aCuentos infantiles ingleses. _2BLAAUTO _915884 |
|
| 700 | 1 |
_aBlythe, Gary, _eil. _962785 |
|
| 700 | 1 |
_aRivera, Nelson, _etr. _962786 |
|
| 830 | 0 |
_aLista Básica-Bibliotécas Públicas 1. _942791 |
|
| 942 |
_2ddc _cBK |
||
| 949 |
_an _bn |
||
| 999 |
_c59187 _d59187 |
||